00378nam a2200121Ia 4500008004100000082001800041100001900059245004000078260005200118365000600170630004000176730004000216100415s9999 xx 000 0 und d b6553a580(54) aMaheshwari JK aIllustrations to the Flora of Delhi aNEW DELHIc1966bCOUNCIL OF SCIENTIFIC & INDUST b0 aIllustrations to the Flora of Delhi aIllustrations to the Flora of Delhi